00913nam a22002057a 4500082003100000100002800031245005700059250001200116260008400128300003100212526003700243526003700280526003700317650001300354942001200367999001900379952011100398952009900509952009900608 a624.18341bRAJcL-19, P-94 aRaju, Krishna. N943234 aAdvanced reinforced concrete designcN. Krishna Raju a1st ed. aCollege book store 1701-2, Nai sarak, Delhi-110006bSatish Kumar Jaincc 1986. axiv, 359p.:bill.;c24 cm. a0b0c0d624_183410000000000_RAJ a0b0c0d624_183410000000000_RAJ a0b0c0d624_183410000000000_RAJ aMCE9379 2ddccBK c547033d547033 00102ddc4070aMCEbMCEd2014-06-27l1o624.18341 RAJpMCE-27593r2014-07-03s2014-07-03w2014-06-27yBK 00102ddc4070aMCEbMCEd2014-06-27l0o624.18341 RAJpMCE-33390r2014-06-27w2014-06-27yBK 00102ddc4070aMCEbMCEd2014-06-27l0o624.18341 RAJpMCE-25526r2014-06-27w2014-06-27yBK